Parteivorsitzende der Linken ab 1989 - Statistiken

Allgemein
  • Dieses Quiz wurde 89 mal gespielt
  • Das Durchschnittsergebnis liegt bei 6 aus 12
Antwortstatistiken
Hint Antwort % Korrekt
1989–1993 Gregor Gysi
95%
2007–2010 Oskar Lafontaine
68%
seit 2021 Janine Wissler
63%
2012–2021 Katja Kipping
47%
seit 2022 Martin Schirdewan
44%
Bernd Riexinger
40%
2021–2022 Susanne Hennig-Wellsow
40%
Klaus Ernst
39%
1993–2000 Lothar Bisky
35%
2003–2010 Lothar Bisky
35%
2010–2012 Gesine Lötzsch
31%
2000–2003 Gabriele Zimmer
21%
Keine übereinstimmenden Quizze gefunden
Verteilung der Resultate
Anzahl Personen mit jedem Resultat
Perzentil nach korrekt beantworteten Fragen
Ihre Resultats-Entwicklung
Sie haben dieses Quiz noch nicht gespielt